[Event "XVI. DBMM Schach"]
[Site "Dresden"]
[Date "2016.11.04"]
[Round "3.4"]
[White "Kleeschaetzky, Ralf"]
[Black "Raum, Norbert"]
[Result "1-0"]
[WhiteElo "2209"]
[BlackElo "1816"]
[Annotator "rgv"]
[PlyCount "47"]
[EventDate "2016.11.??"]
[SourceTitle "XVI. DBMM 2016"]
[Source "FV Schach e.V."]
[SourceDate "2017.06.14"]
[SourceVersion "1"]
[SourceVersionDate "2017.06.14"]
[SourceQuality "1"]
[WhiteTeam "Deutsche Bahn/BSW Berlin"]
[BlackTeam "Baubehoerde Hamburg"]
[WhiteTeamCountry "GER"]
[BlackTeamCountry "GER"]

1. Nf3 e6 2. c4 b6 3. g3 Bb7 4. Bg2 Nf6 5. O-O Be7 6. Nc3 d6 7. d4 Nbd7 8. d5
e5 9. Ne1 a5 10. Nd3 Nc5 11. f4 Nxd3 12. Qxd3 exf4 13. gxf4 Bc8 14. e4 Qd7 15.
e5 dxe5 16. fxe5 Ng4 17. d6 c6 18. Qg3 Bd8 19. e6 fxe6 20. Qxg4 Bf6 21. Ne4 Rf8
22. Nxf6+ Rxf6 23. Rxf6 gxf6 24. Qg8# 1-0

[Event "XVI. DBMM Schach"]
[Site "Dresden"]
[Date "2016.11.04"]
[Round "3.1"]
[White "Seger, Ruediger"]
[Black "Segerberg, Tomas"]
[Result "1-0"]
[WhiteElo "2372"]
[BlackElo "2075"]
[Annotator "rgv"]
[PlyCount "63"]
[EventDate "2016.11.??"]
[SourceTitle "XVI. DBMM 2016"]
[Source "FV Schach e.V."]
[SourceDate "2017.06.14"]
[SourceVersion "1"]
[SourceVersionDate "2017.06.14"]
[SourceQuality "1"]
[WhiteTeam "Deutsche Post Bonn"]
[BlackTeam "Europaeisches Patentamt Muenchen"]
[WhiteTeamCountry "GER"]
[BlackTeamCountry "GER"]

1. e4 e6 2. d4 d5 3. Nd2 Nf6 4. e5 Nfd7 5. c3 c5 6. Bd3 Nc6 7. Ne2 cxd4 8. cxd4
f6 9. exf6 Nxf6 10. Nf3 Qb6 11. O-O Bd6 12. b3 O-O 13. Bb2 Bd7 14. Ng3 Rac8 15.
Ne5 Be8 16. Rc1 Rc7 17. Bb1 Nd8 18. Rxc7 Qxc7 19. Re1 Qb6 20. Qd2 Nf7 21. Qc2
Ng5 22. h4 Nge4 23. Nxe4 Nxe4 24. Rxe4 dxe4 25. Qxe4 Bxe5 26. Qxh7+ Kf7 27.
Qh5+ Ke7 28. Qxe5 Rf6 29. Bc1 Kf8 30. Bg5 Rf7 31. Bg6 Rd7 32. Qf4+ 1-0

[Event "XVI. DBMM Schach"]
[Site "Dresden"]
[Date "2016.11.04"]
[Round "3.2"]
[White "Heer, Stephan"]
[Black "Stanetzek, Carsten"]
[Result "1-0"]
[WhiteElo "2134"]
[BlackElo "2233"]
[Annotator "rgv"]
[PlyCount "71"]
[EventDate "2016.11.??"]
[SourceTitle "XVI. DBMM 2016"]
[Source "FV Schach e.V."]
[SourceDate "2017.06.14"]
[SourceVersion "1"]
[SourceVersionDate "2017.06.14"]
[SourceQuality "1"]
[WhiteTeam "Europaeisches Patentamt Muenchen"]
[BlackTeam "Deutsche Post Bonn"]
[WhiteTeamCountry "GER"]
[BlackTeamCountry "GER"]

1. Nf3 d5 2. g3 Nf6 3. Bg2 Bf5 4. d3 e6 5. O-O Be7 6. c4 c6 7. cxd5 exd5 8. Nd4
Bg6 9. Nc3 O-O 10. e4 Qb6 11. Nb3 Rd8 12. e5 Ne8 13. d4 a5 14. Nc5 Qa7 15. Be3
b6 16. Nd3 a4 17. f4 Bxd3 18. Qxd3 a3 19. b3 Na6 20. f5 Nb4 21. Qd2 f6 22. Rf4
Rac8 23. Rd1 Qa5 24. Qe2 fxe5 25. dxe5 Bg5 26. Rfd4 Bxe3+ 27. Qxe3 Nc2 28. Qf3
Nxd4 29. Rxd4 Qc5 30. Ne2 Nc7 31. Kh1 Qe7 32. e6 c5 33. Rh4 d4 34. Nf4 b5 35.
Rxh7 Nxe6 36. Qh5 1-0

[Event "XVI. DBMM Schach"]
[Site "Dresden"]
[Date "2016.11.04"]
[Round "3.3"]
[White "Gikas, Andreas Basilius"]
[Black "Bohnhoff, Peter"]
[Result "1/2-1/2"]
[WhiteElo "2176"]
[BlackElo "2060"]
[Annotator "rgv"]
[PlyCount "46"]
[EventDate "2016.11.??"]
[SourceTitle "XVI. DBMM 2016"]
[Source "FV Schach e.V."]
[SourceDate "2017.06.14"]
[SourceVersion "1"]
[SourceVersionDate "2017.06.14"]
[SourceQuality "1"]
[WhiteTeam "Deutsche Post Bonn"]
[BlackTeam "Europaeisches Patentamt Muenchen"]
[WhiteTeamCountry "GER"]
[BlackTeamCountry "GER"]

1. e4 e5 2. Nf3 Nc6 3. Nc3 Nf6 4. Bb5 Bb4 5. O-O O-O 6. d3 d6 7. Bg5 Bxc3 8.
bxc3 Qe7 9. Re1 Bg4 10. h3 Bd7 11. Rb1 h6 12. Bh4 a6 13. Bc4 Na5 14. Bd5 c6 15.
Bb3 Be6 16. Qd2 c5 17. Bxe6 fxe6 18. c4 Nc6 19. c3 Qc7 20. d4 Na5 21. dxe5 Nxc4
22. Qe2 Nxe5 23. Nxe5 dxe5 1/2-1/2

[Event "XVI. DBMM Schach"]
[Site "Dresden"]
[Date "2016.11.04"]
[Round "3.4"]
[White "Jachs, Walter"]
[Black "Lunnebach, Oliver"]
[Result "1/2-1/2"]
[WhiteElo "1998"]
[BlackElo "2109"]
[Annotator "rgv"]
[PlyCount "68"]
[EventDate "2016.11.??"]
[SourceTitle "XVI. DBMM 2016"]
[Source "FV Schach e.V."]
[SourceDate "2017.06.14"]
[SourceVersion "1"]
[SourceVersionDate "2017.06.14"]
[SourceQuality "1"]
[WhiteTeam "Europaeisches Patentamt Muenchen"]
[BlackTeam "Deutsche Post Bonn"]
[WhiteTeamCountry "GER"]
[BlackTeamCountry "GER"]

1. e4 c6 2. d4 d5 3. exd5 cxd5 4. Bd3 Nf6 5. c3 Nc6 6. Bf4 g6 7. Nf3 Bg7 8.
Nbd2 O-O 9. O-O Bf5 10. Bxf5 gxf5 11. Re1 Ne4 12. Ne5 f6 13. Nxc6 bxc6 14. f3
Nxd2 15. Qxd2 Qd7 16. Re2 e6 17. Rae1 Rae8 18. Bh6 e5 19. Bxg7 Qxg7 20. f4 e4
21. Re3 Kh8 22. Rg3 Qf7 23. Ree3 Rg8 24. Qf2 Rg6 25. Rxg6 hxg6 26. Qh4+ Kg8 27.
Kf2 Rb8 28. b3 Qg7 29. Rh3 Rb5 30. g4 fxg4 31. Qxg4 f5 32. Qg5 Rb8 33. Rh6 Kf7
34. Qh4 Kg8 1/2-1/2

[Event "XVI. DBMM Schach"]
[Site "Dresden"]
[Date "2016.11.04"]
[Round "3.1"]
[White "Haasler, Andreas"]
[Black "Walther, Hans Wolfgang"]
[Result "1/2-1/2"]
[WhiteElo "2202"]
[BlackElo "2033"]
[Annotator "rgv"]
[PlyCount "41"]
[EventDate "2016.11.??"]
[SourceTitle "XVI. DBMM 2016"]
[Source "FV Schach e.V."]
[SourceDate "2017.06.14"]
[SourceVersion "1"]
[SourceVersionDate "2017.06.14"]
[SourceQuality "1"]
[WhiteTeam "Deutsche Bahn/BSW Frankfurt/M"]
[BlackTeam "Deutsche Bahn/BSW Berlin II"]
[WhiteTeamCountry "GER"]
[BlackTeamCountry "GER"]

1. d4 Nf6 2. Nf3 e6 3. e3 d5 4. c4 c6 5. Nbd2 Nbd7 6. b3 Bd6 7. Bb2 Qe7 8. Ne5
Ne4 9. Nxe4 dxe4 10. Qc2 f5 11. Be2 O-O 12. a3 a5 13. O-O Qf6 14. Nxd7 Bxd7 15.
g3 Qh6 16. Qd2 Be8 17. d5 cxd5 18. cxd5 e5 19. Bc3 b6 20. b4 Bh5 21. f4 1/2-1/2

[Event "XVI. DBMM Schach"]
[Site "Dresden"]
[Date "2016.11.04"]
[Round "3.2"]
[White "Stahr, Ralf Peter"]
[Black "Haenisch, Uwe"]
[Result "0-1"]
[WhiteElo "2018"]
[BlackElo "2195"]
[Annotator "rgv"]
[PlyCount "50"]
[EventDate "2016.11.??"]
[SourceTitle "XVI. DBMM 2016"]
[Source "FV Schach e.V."]
[SourceDate "2017.06.14"]
[SourceVersion "1"]
[SourceVersionDate "2017.06.14"]
[SourceQuality "1"]
[WhiteTeam "Deutsche Bahn/BSW Berlin II"]
[BlackTeam "Deutsche Bahn/BSW Frankfurt/M"]
[WhiteTeamCountry "GER"]
[BlackTeamCountry "GER"]

1. c4 e6 2. e4 d5 3. Nc3 dxe4 4. Nxe4 Nf6 5. Nxf6+ Qxf6 6. Nf3 Nc6 7. Bd3 Bc5
8. Be4 Bd7 9. O-O O-O 10. d3 h6 11. Rb1 a5 12. Be3 Bxe3 13. fxe3 e5 14. d4 exd4
15. exd4 Bg4 16. d5 Nb4 17. a3 Na6 18. b4 Rfe8 19. Qd3 axb4 20. axb4 Bxf3 21.
Rxf3 Qe7 22. Bh7+ Kh8 23. c5 Nxb4 24. Rxb4 Qe1+ 25. Rf1 Qxb4 0-1

[Event "XVI. DBMM Schach"]
[Site "Dresden"]
[Date "2016.11.04"]
[Round "3.3"]
[White "Kopp, Jan"]
[Black "Klotzsche, Thomas"]
[Result "1-0"]
[WhiteElo "2042"]
[BlackElo "1916"]
[Annotator "rgv"]
[PlyCount "33"]
[EventDate "2016.11.??"]
[SourceTitle "XVI. DBMM 2016"]
[Source "FV Schach e.V."]
[SourceDate "2017.06.14"]
[SourceVersion "1"]
[SourceVersionDate "2017.06.14"]
[SourceQuality "1"]
[WhiteTeam "Deutsche Bahn/BSW Frankfurt/M"]
[BlackTeam "Deutsche Bahn/BSW Berlin II"]
[WhiteTeamCountry "GER"]
[BlackTeamCountry "GER"]

1. d4 Nf6 2. c4 d6 3. Nc3 g6 4. e4 Bg7 5. f3 O-O 6. Be3 c6 7. Qd2 Nbd7 8. O-O-O
Qa5 9. Kb1 Re8 10. Bh6 Bh8 11. h4 a6 12. g4 b5 13. h5 c5 14. hxg6 hxg6 15. Qh2
e6 16. Nd5 exd5 17. Bd2 1-0

[Event "XVI. DBMM Schach"]
[Site "Dresden"]
[Date "2016.11.04"]
[Round "3.4"]
[White "Fitzke, Ulrich"]
[Black "Perlitz, Sven"]
[Result "1-0"]
[WhiteElo "1898"]
[BlackElo "2065"]
[Annotator "rgv"]
[PlyCount "101"]
[EventDate "2016.11.??"]
[SourceTitle "XVI. DBMM 2016"]
[Source "FV Schach e.V."]
[SourceDate "2017.06.14"]
[SourceVersion "1"]
[SourceVersionDate "2017.06.14"]
[SourceQuality "1"]
[WhiteTeam "Deutsche Bahn/BSW Berlin II"]
[BlackTeam "Deutsche Bahn/BSW Frankfurt/M"]
[WhiteTeamCountry "GER"]
[BlackTeamCountry "GER"]

1. d4 Nf6 2. c4 g6 3. Nc3 d5 4. e3 Bg7 5. Nf3 O-O 6. Bd3 c5 7. O-O cxd4 8. Nxd4
a6 9. Bd2 e5 10. Nb3 Nc6 11. cxd5 Nxd5 12. Nxd5 Qxd5 13. Bc3 Rd8 14. Bc2 Be6
15. e4 Qxd1 16. Raxd1 Nd4 17. Nxd4 exd4 18. Ba5 Rdc8 19. Bb1 Rc6 20. Rc1 Rac8
21. Bd2 d3 22. Rxc6 Rxc6 23. b3 f5 24. exf5 Bxf5 25. Rd1 Rc7 26. Kf1 h5 27. h3
Re7 28. Be3 Rd7 29. Bd2 Bd4 30. f3 Bf6 31. g4 Be6 32. Be3 a5 33. Rxd3 Rxd3 34.
Bxd3 Kf7 35. Bc4 Bxc4+ 36. bxc4 hxg4 37. hxg4 a4 38. Ke2 Ke6 39. Kd3 Bh4 40.
Ke4 Be7 41. f4 Kd6 42. f5 gxf5+ 43. Kxf5 Kc6 44. Ke6 Bh4 45. Bd4 b5 46. cxb5+
Kxb5 47. Bf6 Be1 48. g5 Bd2 49. g6 Bh6 50. Kf7 Kc6 51. Bg5 1-0

[Event "XVI. DBMM Schach"]
[Site "Dresden"]
[Date "2016.11.04"]
[Round "3.1"]
[White "Schulz, Michael"]
[Black "Koscielski, Janusz"]
[Result "0-1"]
[WhiteElo "2142"]
[BlackElo "2332"]
[Annotator "ms"]
[PlyCount "98"]
[EventDate "2016.11.??"]
[SourceTitle "XVI. DBMM 2016"]
[Source "FV Schach e.V."]
[SourceDate "2017.06.14"]
[SourceVersion "1"]
[SourceVersionDate "2017.06.14"]
[SourceQuality "1"]
[WhiteTeam "SV Osram Berlin"]
[BlackTeam "Ev. Kinderheim Herne und Wanne-Eickel"]
[WhiteTeamCountry "GER"]
[BlackTeamCountry "GER"]

1. d4 Nf6 2. Bg5 e6 3. Nd2 c5 4. e3 Nc6 5. Ngf3 Be7 6. c3 b6 7. Bd3 Bb7 8. a3
h6 9. Bh4 d6 10. h3 Nh5 11. Bxe7 Qxe7 12. O-O O-O 13. b4 Nf6 14. e4 Rad8 15.
Qe2 e5 16. d5 Nb8 17. bxc5 bxc5 18. Rab1 Qc7 19. Nh4 Bc8 20. Nc4 Nbd7 21. Nf5
Nb6 22. Nce3 Rde8 23. Qf3 Kh7 24. Bb5 Rd8 25. a4 a5 26. c4 Ng8 27. g4 g6 28.
Ng3 Nd7 29. h4 Kg7 30. Kg2 Ndf6 31. Rh1 Ne7 32. g5 Nh7 33. gxh6+ Kh8 34. h5 g5
35. Ngf5 Nxf5 36. Nxf5 g4 37. Qe3 Bxf5 38. exf5 Rb8 39. Bc6 Rb4 40. Rxb4 cxb4
41. c5 Qe7 42. cxd6 Qxd6 43. Re1 f6 44. Qa7 Rg8 45. Qxa5 Ng5 46. Qa7 e4 47. Kf1
Nf3 48. Re3 g3 49. Rxf3 g2+ 0-1

[Event "XVI. DBMM Schach"]
[Site "Dresden"]
[Date "2016.11.04"]
[Round "3.2"]
[White "Heimsoth, Sven Holger"]
[Black "Rath, Alina"]
[Result "1/2-1/2"]
[WhiteElo "2157"]
[BlackElo "2047"]
[Annotator "br"]
[PlyCount "63"]
[EventDate "2016.11.??"]
[SourceTitle "XVI. DBMM 2016"]
[Source "FV Schach e.V."]
[SourceDate "2017.06.14"]
[SourceVersion "1"]
[SourceVersionDate "2017.06.14"]
[SourceQuality "1"]
[WhiteTeam "Ev. Kinderheim Herne und Wanne-Eickel"]
[BlackTeam "SV Osram Berlin"]
[WhiteTeamCountry "GER"]
[BlackTeamCountry "GER"]

1. Nf3 c5 2. c4 Nc6 3. g3 g6 4. Bg2 Bg7 5. Nc3 e5 6. a3 Nge7 7. O-O O-O 8. d3
d6 9. Rb1 f5 10. Bd2 h6 11. b4 Rb8 12. Ne1 b6 13. b5 Nd4 14. e3 Ne6 15. Qa4 Qc7
16. Nd5 Nxd5 17. Bxd5 Kf7 18. Qd1 Qe7 19. Bc3 Bb7 20. Ng2 Bxd5 21. cxd5 Nc7 22.
e4 Qd7 23. a4 a6 24. bxa6 Nxa6 25. f3 Rb7 26. Ne3 Rfb8 27. exf5 gxf5 28. Qe2
Nc7 29. g4 f4 30. Nc4 Kg8 31. Qe4 Ne8 32. Nd2 1/2-1/2

[Event "XVI. DBMM Schach"]
[Site "Dresden"]
[Date "2016.11.04"]
[Round "3.3"]
[White "Gebert Vangeel, Ralf"]
[Black "Leveikina, Jevgenija      ML"]
[Result "1/2-1/2"]
[WhiteElo "2042"]
[BlackElo "2116"]
[Annotator "br"]
[PlyCount "44"]
[EventDate "2016.11.??"]
[SourceTitle "XVI. DBMM 2016"]
[Source "FV Schach e.V."]
[SourceDate "2017.06.14"]
[SourceVersion "1"]
[SourceVersionDate "2017.06.14"]
[SourceQuality "1"]
[WhiteTeam "SV Osram Berlin"]
[BlackTeam "Ev. Kinderheim Herne und Wanne-Eickel"]
[WhiteTeamCountry "GER"]
[BlackTeamCountry "GER"]

1. e4 c6 2. d4 d5 3. e5 Bf5 4. Nf3 e6 5. Be2 c5 6. Be3 Nc6 7. O-O Nge7 8. Nc3
Bg6 9. Nb5 Bf5 10. Bg5 f6 11. exf6 gxf6 12. Bf4 Rc8 13. c4 Nxd4 14. Nfxd4 cxd4
15. g4 Bg6 16. cxd5 d3 17. Bxd3 Qxd5 18. Qa4 Kf7 19. Be2 Bc2 20. b3 Qe4 21.
Qxe4 Bxe4 22. Bd2 Bd3 {Rest unleserlich} 1/2-1/2

[Event "XVI. DBMM Schach"]
[Site "Dresden"]
[Date "2016.11.04"]
[Round "3.4"]
[White "Selmanaj, Agim"]
[Black "Eisermann, Daniel"]
[Result "0-1"]
[WhiteElo "1643"]
[BlackElo "1966"]
[Annotator "de"]
[PlyCount "84"]
[EventDate "2016.11.??"]
[SourceTitle "XVI. DBMM 2016"]
[Source "FV Schach e.V."]
[SourceDate "2017.06.14"]
[SourceVersion "1"]
[SourceVersionDate "2017.06.14"]
[SourceQuality "1"]
[WhiteTeam "Ev. Kinderheim Herne und Wanne-Eickel"]
[BlackTeam "SV Osram Berlin"]
[WhiteTeamCountry "GER"]
[BlackTeamCountry "GER"]

1. e4 e5 2. Bc4 Nf6 3. d3 Nc6 4. a3 Be7 5. f4 d6 6. f5 d5 7. exd5 Nxd5 8. Qf3
Nf6 9. Ne2 O-O 10. O-O Nd4 11. Nxd4 Qxd4+ 12. Qf2 Qxf2+ 13. Kxf2 Bxf5 14. h3
Bc5+ 15. Be3 Bxe3+ 16. Kxe3 Bg6 17. Nc3 c6 18. Rae1 Rad8 19. Kf3 Rfe8 20. Ne4
Nd5 21. h4 h6 22. g4 Bxe4+ 23. Rxe4 Nf6 24. Re2 Rd4 25. g5 hxg5 26. hxg5 Rf4+
27. Kg2 Rg4+ 28. Kf2 Rxg5 29. Ke1 b5 30. Bb3 a5 31. a4 b4 32. Rh2 Kf8 33. c3
bxc3 34. bxc3 Ke7 35. Bc4 Rb8 36. Ba2 Nd5 37. Rc2 f6 38. Rff2 Rg3 39. Bc4 Rb1+
40. Kd2 Ne3 41. Ba2 Nf1+ 42. Rxf1 Rxf1 0-1

[Event "XVI. DBMM Schach"]
[Site "Dresden"]
[Date "2016.11.04"]
[Round "3.1"]
[White "Gohil, Harry"]
[Black "Scheffner, Axel"]
[Result "1-0"]
[WhiteElo "2322"]
[BlackElo "2249"]
[Annotator "rgv"]
[PlyCount "59"]
[EventDate "2016.11.??"]
[SourceTitle "XVI. DBMM 2016"]
[Source "FV Schach e.V."]
[SourceDate "2017.06.14"]
[SourceVersion "1"]
[SourceVersionDate "2017.06.14"]
[SourceQuality "1"]
[WhiteTeam "Commerzbank Frankfurt"]
[BlackTeam "Vodafone Duesseldorf"]
[WhiteTeamCountry "GER"]
[BlackTeamCountry "GER"]

1. Nf3 d5 2. g3 c6 3. Bg2 Nf6 4. d3 g6 5. Nbd2 Bg7 6. O-O O-O 7. e4 dxe4 8.
dxe4 Na6 9. Qe2 h6 10. Nb3 Bg4 11. h3 Bxf3 12. Bxf3 e5 13. Be3 Qe7 14. Qc4 Rfd8
15. Na5 Qc7 16. b4 Bf8 17. c3 c5 18. a3 Rab8 19. Qe2 b5 20. a4 Rbc8 21. axb5
Nb8 22. bxc5 Bxc5 23. Bxc5 Qxc5 24. Nb7 Qxc3 25. Nxd8 Rxd8 26. Rfc1 Qb4 27.
Rxa7 Rd2 28. Qc4 Qf8 29. Qc5 Qe8 30. Qe7 1-0

[Event "XVI. DBMM Schach"]
[Site "Dresden"]
[Date "2016.11.04"]
[Round "3.2"]
[White "Tochtrop, Matthias"]
[Black "du Maire, Jerome"]
[Result "1/2-1/2"]
[WhiteElo "2174"]
[BlackElo "2170"]
[Annotator "rgv"]
[PlyCount "75"]
[EventDate "2016.11.??"]
[SourceTitle "XVI. DBMM 2016"]
[Source "FV Schach e.V."]
[SourceDate "2017.06.14"]
[SourceVersion "1"]
[SourceVersionDate "2017.06.14"]
[SourceQuality "1"]
[WhiteTeam "Vodafone Duesseldorf"]
[BlackTeam "Commerzbank Frankfurt"]
[WhiteTeamCountry "GER"]
[BlackTeamCountry "GER"]

1. e4 e6 2. d3 d5 3. Qe2 Nf6 4. Nf3 Be7 5. g3 O-O 6. e5 Ne8 7. Bg2 c5 8. O-O
Nc6 9. c4 Nc7 10. Nc3 Rb8 11. Nb5 a6 12. Nxc7 Qxc7 13. Bf4 dxc4 14. dxc4 b6 15.
Rad1 Bb7 16. Rd2 Rbd8 17. Rfd1 Rxd2 18. Rxd2 Rd8 19. Qd1 h6 20. h4 Kf8 21.
Rxd8+ Qxd8 22. Qc2 Kg8 23. Qd2 Nb4 24. a3 Nd3 25. Ne1 Bxg2 26. Qxd3 Qxd3 27.
Nxd3 Be4 28. Nc1 Kf8 29. Kf1 Ke8 30. Ke2 Kd7 31. h5 Kc6 32. Nd3 b5 33. b3 Bd8
34. f3 Bh7 35. Bd2 Bc7 36. Bc3 Bd8 37. Bd2 Bc7 38. Bc3 1/2-1/2

[Event "XVI. DBMM Schach"]
[Site "Dresden"]
[Date "2016.11.04"]
[Round "3.3"]
[White "Hummel, Dennis"]
[Black "Limbourg, Marina"]
[Result "1-0"]
[WhiteElo "2029"]
[BlackElo "2028"]
[Annotator "rgv"]
[PlyCount "91"]
[EventDate "2016.11.??"]
[SourceTitle "XVI. DBMM 2016"]
[Source "FV Schach e.V."]
[SourceDate "2017.06.14"]
[SourceVersion "1"]
[SourceVersionDate "2017.06.14"]
[SourceQuality "1"]
[WhiteTeam "Commerzbank Frankfurt"]
[BlackTeam "Vodafone Duesseldorf"]
[WhiteTeamCountry "GER"]
[BlackTeamCountry "GER"]

1. e4 c5 2. Nc3 a6 3. g3 b5 4. Bg2 Bb7 5. d3 e6 6. Nh3 Nf6 7. O-O d5 8. exd5
exd5 9. Re1+ Be7 10. Bg5 O-O 11. Nf4 Ra7 12. Qe2 Ba8 13. Rab1 d4 14. Bxf6 Bxf6
15. Ncd5 Bg5 16. h4 Bxf4 17. Nxf4 Bxg2 18. Kxg2 Nd7 19. Qe4 Nf6 20. Qc6 Qa8 {
(=)} 21. Qxa8 Rfxa8 22. Re5 Rc7 23. Rbe1 Kf8 24. Nd5 Nxd5 25. Rxd5 Re8 26.
Rxe8+ Kxe8 27. Rd6 a5 28. Rb6 b4 29. Rb5 c4 30. Rxa5 cxd3 31. cxd3 Rc2 32. b3
Rd2 33. Ra4 Rxd3 34. Rxb4 Rd2 35. a4 Rb2 36. Kf3 d3 37. a5 d2 38. Ke2 Ra2 39.
Ra4 d1=Q+ 40. Kxd1 Rxa4 41. bxa4 Kd7 42. Kc2 Kc6 43. Kc3 Kb7 44. Kb4 Ka6 45. f4
f5 46. h5 1-0

[Event "XVI. DBMM Schach"]
[Site "Dresden"]
[Date "2016.11.04"]
[Round "3.4"]
[White "Kludszuweit, Kim Ira"]
[Black "Fischer, Alexander"]
[Result "0-1"]
[WhiteElo "1637"]
[BlackElo "2038"]
[Annotator "rgv"]
[PlyCount "60"]
[EventDate "2016.11.??"]
[SourceTitle "XVI. DBMM 2016"]
[Source "FV Schach e.V."]
[SourceDate "2017.06.14"]
[SourceVersion "1"]
[SourceVersionDate "2017.06.14"]
[SourceQuality "1"]
[WhiteTeam "Vodafone Duesseldorf"]
[BlackTeam "Commerzbank Frankfurt"]
[WhiteTeamCountry "GER"]
[BlackTeamCountry "GER"]

1. c4 c6 2. Nc3 d5 3. d4 dxc4 4. Nf3 b5 5. e4 e6 6. e5 Nd7 7. Be2 Bb7 8. O-O
Ne7 9. Bg5 Qc7 10. Ne4 Nd5 11. a3 h6 12. Bd2 a6 13. Rc1 c5 14. dxc5 Nxc5 15.
Nxc5 Bxc5 16. b4 Bb6 17. Qc2 Rd8 18. Bc3 O-O 19. Nd2 Nxc3 20. Qxc3 Bd4 21. Qc2
Bxe5 22. h3 Bh2+ 23. Kh1 Bf4 24. Rcd1 Qe5 25. Bf3 Rxd2 26. Rxd2 Bxf3 27. gxf3
Bxd2 28. Qxd2 Qf5 29. Kh2 Qxf3 30. Rg1 Qf6 0-1

[Event "XVI. DBMM Schach"]
[Site "Dresden"]
[Date "2016.11.04"]
[Round "3.1"]
[White "Meyer, Jens Uwe"]
[Black "Gottschalk, Jens"]
[Result "1/2-1/2"]
[WhiteElo "2063"]
[BlackElo "2282"]
[Annotator "rgv"]
[PlyCount "35"]
[EventDate "2016.11.??"]
[SourceTitle "XVI. DBMM 2016"]
[Source "FV Schach e.V."]
[SourceDate "2017.06.14"]
[SourceVersion "1"]
[SourceVersionDate "2017.06.14"]
[SourceQuality "1"]
[WhiteTeam "SG Stern Ludwigsfelde"]
[BlackTeam "R + V Versicherung Wiesbaden"]
[WhiteTeamCountry "GER"]
[BlackTeamCountry "GER"]

1. d4 Nf6 2. Bf4 g6 3. e3 Bg7 4. Be2 d5 5. c3 O-O 6. Nd2 Nbd7 7. Ngf3 c5 8. O-O
b6 9. h3 Bb7 10. Qb3 Ne4 11. Nxe4 dxe4 12. Nd2 cxd4 13. cxd4 e5 14. dxe5 Nxe5
15. Rfd1 Qe7 16. Nc4 Nxc4 17. Bxc4 Rad8 18. Rac1 1/2-1/2

[Event "XVI. DBMM Schach"]
[Site "Dresden"]
[Date "2016.11.04"]
[Round "3.2"]
[White "Seidler, Lukas"]
[Black "Astfalk, Lutz"]
[Result "1-0"]
[WhiteElo "2196"]
[BlackElo "1945"]
[Annotator "rgv"]
[PlyCount "51"]
[EventDate "2016.11.??"]
[SourceTitle "XVI. DBMM 2016"]
[Source "FV Schach e.V."]
[SourceDate "2017.06.14"]
[SourceVersion "1"]
[SourceVersionDate "2017.06.14"]
[SourceQuality "1"]
[WhiteTeam "R + V Versicherung Wiesbaden"]
[BlackTeam "SG Stern Ludwigsfelde"]
[WhiteTeamCountry "GER"]
[BlackTeamCountry "GER"]

1. e4 d6 2. d4 Nf6 3. Nc3 c6 4. h3 Qc7 5. f4 e5 6. Be3 a6 7. Qf3 Nbd7 8. O-O-O
b5 9. g4 Bb7 10. g5 Ng8 11. dxe5 dxe5 12. Rh2 Bb4 13. Rhd2 O-O-O 14. fxe5 Ne7
15. Qxf7 Nxe5 16. Qe6+ Nd7 17. h4 Rhe8 18. Bh3 Nd5 19. exd5 cxd5 20. Qb6 Qg3
21. Bd4 Re7 22. Rd3 Qf4+ 23. Be3 Qe5 24. Nge2 Rf8 25. Bc5 Bxc3 26. Rxc3 1-0

[Event "XVI. DBMM Schach"]
[Site "Dresden"]
[Date "2016.11.04"]
[Round "3.3"]
[White "Tangermann, Erhard"]
[Black "Werner, Gregor"]
[Result "0-1"]
[WhiteElo "1654"]
[BlackElo "2128"]
[Annotator "rgv"]
[PlyCount "56"]
[EventDate "2016.11.??"]
[SourceTitle "XVI. DBMM 2016"]
[Source "FV Schach e.V."]
[SourceDate "2017.06.14"]
[SourceVersion "1"]
[SourceVersionDate "2017.06.14"]
[SourceQuality "1"]
[WhiteTeam "SG Stern Ludwigsfelde"]
[BlackTeam "R + V Versicherung Wiesbaden"]
[WhiteTeamCountry "GER"]
[BlackTeamCountry "GER"]

1. Nf3 Nf6 2. d4 g6 3. c4 Bg7 4. Nc3 O-O 5. e4 d6 6. Be2 e5 7. dxe5 dxe5 8. O-O
Nbd7 9. Qc2 c6 10. Rd1 Qc7 11. b3 Re8 12. Ba3 Bf8 13. Bxf8 Nxf8 14. Rd2 Bg4 15.
Ne1 Be6 16. Rad1 Rad8 17. Rxd8 Rxd8 18. Rxd8 Qxd8 19. Qd3 N8d7 20. Nc2 a5 21.
Qd6 Qb6 22. h3 h5 23. Kf1 Kg7 24. Na4 Qxf2+ 25. Kxf2 Nxe4+ 26. Ke3 Nxd6 27. Nc3
f5 28. Kf2 Nc5 0-1

[Event "XVI. DBMM Schach"]
[Site "Dresden"]
[Date "2016.11.04"]
[Round "3.4"]
[White "Launert, Martin"]
[Black "Grandt, Bernd"]
[Result "1/2-1/2"]
[WhiteElo "1880"]
[BlackElo "2033"]
[Annotator "rgv"]
[PlyCount "68"]
[EventDate "2016.11.??"]
[SourceTitle "XVI. DBMM 2016"]
[Source "FV Schach e.V."]
[SourceDate "2017.06.14"]
[SourceVersion "1"]
[SourceVersionDate "2017.06.14"]
[SourceQuality "1"]
[WhiteTeam "R + V Versicherung Wiesbaden"]
[BlackTeam "SG Stern Ludwigsfelde"]
[WhiteTeamCountry "GER"]
[BlackTeamCountry "GER"]

1. e4 d5 2. exd5 Nf6 3. d4 Nxd5 4. Nc3 Bf5 5. Nf3 e6 6. Nxd5 exd5 7. Bb5+ c6 8.
Bd3 Bxd3 9. Qxd3 Be7 10. O-O O-O 11. Bf4 Bd6 12. Bxd6 Qxd6 13. Rfe1 Nd7 14. Re2
Rfe8 15. Rae1 Qf8 16. Ne5 Nxe5 17. Rxe5 Rxe5 18. Rxe5 Re8 19. Qe2 Rxe5 20. Qxe5
h6 21. c3 Qc8 22. h3 a6 23. a4 b5 24. axb5 axb5 25. b4 {(=)} f6 26. Qe7 Kh7 27.
Qd6 Kg6 28. g3 Kf7 29. Kg2 Qe8 30. Qc7+ Kg6 31. Kf1 Qe6 32. g4 Kh7 33. Qg3 Qe4
34. Kg1 Qe1+ 1/2-1/2